UBT Library

A treasury of poems : (Record no. 41822)

000 -LEADER
fixed length control field 00668cam a2200217 a 4500
001 - CONTROL NUMBER
control field 4474465
005 - DATE AND TIME OF LATEST TRANSACTION
control field 20180205091910.0
008 - FIXED-LENGTH DATA ELEMENTS--GENERAL INFORMATION
fixed length control field 960809s1996 nyu 001 0 eng
010 ## - LIBRARY OF CONGRESS CONTROL NUMBER
LC control number 96077893
020 ## - INTERNATIONAL STANDARD BOOK NUMBER
International Standard Book Number 0681805706
040 ## - CATALOGING SOURCE
Original cataloging agency DLC
Transcribing agency DLC
041 ## - LANGUAGE CODE
Language code of text/sound track or separate title eng
080 ## - UNIVERSAL DECIMAL CLASSIFICATION NUMBER
Universal Decimal Classification number 811.008 STU
082 00 - DEWEY DECIMAL CLASSIFICATION NUMBER
Classification number 811.008 STU
Edition number 21
100 ## - Rafti
Rafti 21
101 ## - Shkurtesa
Shkurtesa GJL
245 02 - TITLE STATEMENT
Title A treasury of poems :
Statement of responsibility, etc compiled by Sarah Anne Stuart.
906 ## - LOCAL DATA ELEMENT F, LDF (RLIN)
a 7
b cbc
c orignew
d 2
e opcn
f 19
g y-gencatlg
942 ## - ADDED ENTRY ELEMENTS (KOHA)
Source of classification or shelving scheme
Item type Books
Holdings
Withdrawn status Lost status Source of classification or shelving scheme Damaged status Not for loan Collection code Permanent location Current location Shelving location Date acquired Total Checkouts Full call number Barcode Date last seen Price effective from Koha item type
          Koleksioni i përgjithshem UBT - Lipjan UBT - Lipjan Koleksioni i përgjithshem 02/05/2018   811.008 STU 002-2997202 02/05/2018 02/05/2018 Books
UBT Library © 2015-2024. All rights reserved University Education for Business and Technology